000 00562nam a2200217Ia 4500
003 OSt
005 20221005122922.0
006 a|||||r|||| 00| 0
007 ta
008 221004b |||||||| |||| 00| 0 hin d
024 _a45745
037 _cTextual
040 _aCRL
_cCRL
_bhin
041 _2hin
_ahin
082 _aa12-123181, 156G0
100 _aParekh
_9227831
245 0 _aKavishvar dalpatram pustak sangarhsuchi
650 _aBIBLIOGRAPHY
942 _ha12-123181, 156G0
_cTEXL
_2cc
999 _c1045789
_d1045789